America faces Russia / (Record no. 42025)
[ view plain ]
| 000 -LEADER | |
|---|---|
| fixed length control field | 00755nam a2200229 a 4500 |
| 001 - CONTROL NUMBER | |
| control field | 42025 |
| 003 - CONTROL NUMBER IDENTIFIER | |
| rucl marc code | BD-RjUL |
| 005 - DATE AND TIME OF LATEST TRANSACTION | |
| control field | 20211209053501.0 |
| 008 - FIXED-LENGTH DATA ELEMENTS--GENERAL INFORMATION | |
| fixed length control field | 160608s1950 nyua 000 0 eng |
| 035 ## - SYSTEM CONTROL NUMBER | |
| System control number | (BD-RjUL)1310873 |
| 040 ## - CATALOGING SOURCE | |
| Original cataloging agency | DLC |
| Transcribing agency | CarP |
| Modifying agency | BD-RjUL |
| Language of cataloging | eng |
| 041 ## - LANGUAGE CODE | |
| Language code of text/sound track or separate title | eng |
| 082 ## - DEWEY DECIMAL CLASSIFICATION NUMBER | |
| Edition number | 23 |
| Classification number | 327.73 |
| Author mark and year | BAA 1950 |
| 100 1# - MAIN ENTRY--PERSONAL NAME | |
| Personal name | Bailey, Thomas Andrew |
| Dates associated with a name | 1902-1983. |
| 9 (RLIN) | 129199 |
| 245 10 - TITLE STATEMENT | |
| Title | America faces Russia / |
| Statement of responsibility, etc. | Thomas Andrew Bailey |
| 260 ## - PUBLICATION, DISTRIBUTION, ETC. (IMPRINT) | |
| Place of publication, distribution, etc. | Ithaca : |
| Name of publisher, distributor, etc. | Cornell University Press, |
| Date of publication, distribution, etc. | c1950. |
| 300 ## - PHYSICAL DESCRIPTION | |
| Pagination | xi, 375 p. : |
| Illustrations | ill. ; |
| Size | 24 cm. |
| 651 #0 - SUBJECT ADDED ENTRY--GEOGRAPHIC NAME | |
| Geographic name | United States |
| General subdivision | Foreign relations |
| Geographic subdivision | Russia. [from old catalog] |
| 9 (RLIN) | 129200 |
| Geographic name | Russia |
| General subdivision | Foreign relations |
| Geographic subdivision | United States. [from old catalog] |
| 9 (RLIN) | 129201 |
| 942 ## - ADDED ENTRY ELEMENTS (KOHA) | |
| Source of classification or shelving scheme | Dewey Decimal Classification |
| Koha item type | Books |
| Lost status | Source of classification or shelving scheme | Damaged status | Not for loan | Collection code | Permanent Location | Current Location | Shelving location | Date acquired | Source of acquisition | Total Checkouts | Full call number | Date last seen | Copy number | Koha item type |
|---|---|---|---|---|---|---|---|---|---|---|---|---|---|---|
| Dewey Decimal Classification | Non-fiction | Central Library, University of Rajshahi | Central Library, University of Rajshahi | 25/02/1958 | U.S.I.S. Dacca | 327.73 BAA 1950 | 08/06/2016 | C-2 | Books |